00368pab a2200145 454500008004000000100002400040245005000064260000900114300001300123362001000136650001200146650001200158700001800170773003400188180718b2014 xxu||||| |||| 00| 0 eng d aRajkumar, J. Dennis aRevenue mobilisation: Assumptions of buoyancy c2014 ap.37-40. a2 Aug aRevenue aBudgets aVaidya, Deepa aEconomic and Political Weekly